01392nam a2200265 a 4500008004100000020001500041050001500056100002200071245009700093246004200190250001200232260003200244300001400276350000900290500005500299650001000354650002800364700002400392700003500416995019200451995019200643999001700835952013700852952013700989111025s1994 ||||||||||||||||| || u a0079110460 aRC 667 Hea aSchlant, Robert C14aThe heart: arteries and veins. -- 8th ed.ceditors, Robert C. Schlant and R. Wayne Alexander aHurst's the heart: arteries and veins a8th ed. aNew YorkbMcGraw-Hillc1994 a2v.: ill. a0.00 aCover title: Hurst's the heart: arteries and veins aHEART aCARDIOVASCULAR DISEASES aAlexander, R. Wayne aHurst, J. Willis (John Willis) aMEDICAL LIBRARY OPEN ACCESSD0.00e901295FCBU-SCHOOL OF MEDICINE LIBRARY (Ndola)H1I0.00jRC 667 HEAM1 (vol. 1)UAVAILABLEWOct 25, 2011y901295ZMedical Library Open Access Collection aMEDICAL LIBRARY OPEN ACCESSD0.00e901294FCBU-SCHOOL OF MEDICINE LIBRARY (Ndola)H1I0.00jRC 667 HEAM1 (vol. 2)UAVAILABLEWOct 25, 2011y901294ZMedical Library Open Access Collection c63954d63954 00102lcc4070a002b002cMedical Library Open Access Collectiond2023-02-01l0oRC 667 Heap901295r2023-02-01t1w2023-02-01y002 00102lcc4070a002b002cMedical Library Open Access Collectiond2023-02-01l0oRC 667 Heap901294r2023-02-01t2w2023-02-01y002